The Law of South Africa : Building and Engineering Contracts, Architects, Engineers and Quantity Suveyors to Conflict Laws / (Record no. 1285)

MARC details
000 -LEADER
fixed length control field 00621nam a22001697a 4500
005 - DATE AND TIME OF INPUT
control field 20240124083730.0
008 - DATA ELEMENTS--GENERAL INFORMATION
fixed length control field 240124b |||||||| |||| 00| 0 eng d
020 ## - INTERNATIONAL STANDARD BOOK NUMBER
International Standard Book Number 040900480 ; 0409004502
041 ## - LANGUAGE CODE
Language code of text English
082 ## - SHELF NUMBER
DDC number 349 JOU
100 ## - MAIN AUTHOR
Main author's name Joubert, WA
Language of a work English
245 ## - TITLE STATEMENT
Title The Law of South Africa : Building and Engineering Contracts, Architects, Engineers and Quantity Suveyors to Conflict Laws /
Statement of responsibility, etc. WA Joubert
260 ## - PUBLICATION, DISTRIBUTION, ETC.
Place of publication, distribution, etc. Durban :
Name of publisher, distributor, etc. Butterworth Publishers (Pty) Ltd,
Date of publication, distribution, etc. 1993
300 ## - PHYSICAL DESCRIPTION
Other physical details viii, 494 pages ;
Dimensions 26 cm.
650 ## - SUBJECT`
Broad subject Legal practice
Own subject terms Law
942 ## - ADDED ENTRY ELEMENTS (KOHA)
Item type Books
942 ## - ADDED ENTRY ELEMENTS (KOHA)
-- ALISON_BN_VRIES
Holdings
Source of classification or shelving scheme Volume number (bound volume or other part) Not for loan Collection code Home library Current library Shelving location Date acquired Full call number Barcode Price effective from Koha item type
Dewey Decimal Classification Volume 2   TEXT BOOKS LAW SOCIETY OF NAMIBIA LIBRARY - WINDHOEK LAW SOCIETY OF NAMIBIA LIBRARY - WINDHOEK Construction and engineering 01/24/2024 349 JOU LSN/1994/23 01/24/2024 Books